000 00671nam a2200277Ia 4500
005 20260324125329.0
008 008 260324s9999 xx 000 0 eng d
020 _a9780203883495
037 _aEBOOK
040 _aCRL
040 _beng
040 _cCRL
041 _2eng
041 _aeng
084 _qCRL
100 _aStephan J. Goetz; Steven Deller; Tom Harris
_91177580
245 0 _aTargeting Regional Economic Development
260 _bTaylor and Francis
260 _c2009
365 _a
365 _b240
856 _uhttp://www.taylorfrancis.com/books/9780203883495
942 _cEBOOK
999 _c1772721
_d1772721